Normal view
MARC view
Entry Personal Name
001 - CONTROL NUMBER
- control field: 624075
003 - CONTROL NUMBER IDENTIFIER
- control field: OSt
005 - DATE AND TIME OF LATEST TRANSACTION
- control field: 20221005110159.0
008 - FIXED-LENGTH DATA ELEMENTS
- fixed length control field: 221005|| aca||aabn | a|a d
040 ## - CATALOGING SOURCE
- Original cataloging agency: OSt
- Transcribing agency: OSt
100 ## - HEADING--PERSONAL NAME
- Personal name: नंपियार, वी. डी. कृष्णन, अनु
670 ## - SOURCE DATA FOUND
- Source citation: Work cat.: (OSt)1018049: श्रीधरन, पेरूम्पटवम्, वक्ष पर ईश्वर का आद्यक्षर, 2002
